|
|
|
|
| LEADER |
00000nam0a2200000 4500 |
| 001 |
358150 |
| 005 |
20231102011050.0 |
| 035 |
|
|
|a (RuTPU)RU\TPU\retro\15418
|
| 090 |
|
|
|a 358150
|
| 100 |
|
|
|a 20200813d1973 km y0rusy50 ca
|
| 101 |
0 |
|
|a rus
|
| 102 |
|
|
|a KZ
|
| 105 |
|
|
|a a z 001zy
|
| 200 |
1 |
|
|a Прогнозный расчет вентиляцонных систем рудников
|f В. Ф. Слепых, Е. В. Вязниклвцев
|g Академия наук Казахской ССР, Институт горного дела
|
| 210 |
|
|
|a Алма-Ата
|c Наука
|d 1973
|
| 215 |
|
|
|a 190 с.
|c ил.
|
| 320 |
|
|
|a Библиогр.: с. 184-188
|
| 606 |
1 |
|
|a Рудничная вентиляция
|2 stltpush
|3 (RuTPU)RU\TPU\subj\25510
|9 49650
|
| 610 |
1 |
|
|a рудники
|
| 610 |
1 |
|
|a вентиляционные системы
|
| 610 |
1 |
|
|a расчеты
|
| 610 |
1 |
|
|a исходные данные
|
| 610 |
1 |
|
|a точность
|
| 610 |
1 |
|
|a вентиляционные сооружения
|
| 610 |
1 |
|
|a аэродинамические характеристики
|
| 610 |
1 |
|
|a проветривание
|
| 610 |
1 |
|
|a схемы
|
| 610 |
1 |
|
|a построение
|
| 610 |
1 |
|
|a упрощение
|
| 610 |
1 |
|
|a очистные блоки
|
| 610 |
1 |
|
|a моделирующие устройства
|
| 610 |
1 |
|
|a прогнозный расчет
|
| 675 |
|
|
|a 622.42/.46
|v 4
|
| 700 |
|
1 |
|a Слепых
|b В. Ф.
|g Владимир Филиппович
|
| 701 |
|
1 |
|a Вязниклвцев
|b Е. В.
|g Евгений Викторович
|
| 712 |
0 |
2 |
|a Академия наук Казахской ССР
|b Институт горного дела
|c (Алма-Ата)
|2 stltpush
|3 (RuTPU)RU\TPU\col\19178
|9 27396
|
| 801 |
|
1 |
|a RU
|b 63413507
|c 20200813
|
| 801 |
|
2 |
|a RU
|b 63413507
|c 20210326
|g RCR
|
| 942 |
|
|
|c BK
|